| 000 | 00415cam a2200145u 4500 | ||
|---|---|---|---|
| 082 |
_a940.27 _bNEW |
||
| 100 | 1 |
_aNewman, Bernard, _950075 |
|
| 245 | 1 | 4 | _aThe cavalry went through. |
| 260 |
_aLondon, _bV. Gollancz ltd., _c1930. |
||
| 300 |
_a288 p. _billus. (maps) _c19 cm. |
||
| 526 |
_a0 _b0 _c0 _d940_270000000000000_NEW |
||
| 650 | 0 |
_aMCE _9379 |
|
| 650 | 0 |
_aWorld War, 1914-1918 _xFiction. _911832 |
|
| 942 |
_2ddc _cBK |
||
| 999 |
_c552830 _d552830 |
||